Engineering Drawing (Record no. 344438)

MARC details
000 -LEADER
fixed length control field 00497nam a2200181Ia 4500
008 - FIXED-LENGTH DATA ELEMENTS--GENERAL INFORMATION
fixed length control field 230718s9999 xx 000 0 und d
020 ## - INTERNATIONAL STANDARD BOOK NUMBER
International Standard Book Number 9789380358963
041 ## - LANGUAGE CODE
Language code of text/sound track or separate title eng
082 ## - DEWEY DECIMAL CLASSIFICATION NUMBER
Classification number 604.2
Item number BHA
100 ## - MAIN ENTRY--PERSONAL NAME
Personal name Bhatt N.D.
245 ## - TITLE STATEMENT
Title Engineering Drawing
Remainder of title Plane And Solid Geometry
250 ## - EDITION STATEMENT
Edition statement 53rd ed.
260 ## - PUBLICATION, DISTRIBUTION, ETC. (IMPRINT)
Date of publication, distribution, etc. 2014
Name of publisher, distributor, etc. Charotar Publishing House
300 ## - PHYSICAL DESCRIPTION
Extent 719
365 ## - TRADE PRICE
Currency code Rs.
Price amount 315.00
700 ## - ADDED ENTRY--PERSONAL NAME
Personal name Bhatt N.D.
906 ## - LOCAL DATA ELEMENT F, LDF (RLIN)
d O:0375603-Mar-2017B:SE/SI/384802-Mar-2017
c BSHB
b 255.15
Holdings
Withdrawn status Lost status Damaged status Not for loan Home library Current library Date acquired Vendor Budget Code Cost, normal purchase price Bill number Total Checkouts Full call number Barcode Checked out Date last seen Date last checked out Discount Cost, replacement price Bill Date Koha item type Original Barcode
        Cummins College of Engineering for Women Pune Cummins College of Engineering for Women Pune 07/03/2017 Suyog Enterprises BSHB 229.95 SE/SI/3848 7 604.2 CCEP-BK-55645 08/04/2026 25/03/2026 25/03/2026 255.15 315.00 02/03/2017 Books 055645